Miasta z największą liczbą ludności w Hiszpanii - Statystyki

Ogólne statystyki
  • Ten quiz został rozwiązany 169 razy
  • Średni wynik to 7 z 10
Statystyki odpowiedzi
Miejsce Miasto Ludność % Poprawnych
2 Barcelona 1 620 809
100%
1 Madryt 3 182 981
100%
4 Sewilla 689 434
96%
10 Bilbao 345 110
91%
3 Walencja 787 808
91%
6 Malaga 569 002
63%
5 Saragossa 664 938
57%
7 Murcja 443 243
46%
8 Palma 406 492
42%
9 Las Palmas 377 650
28%
Nie znaleziono quizów pasujących do podanych kryteriów
Rozkład punktacji
Procent ludzi z każdym wynikiem
Percentyl według liczby udzielonych odpowiedzi
Twoja historia wyników
Nie rozwiązałeś tego quizu